Empires of long ago / (Record no. 186954)

000 -LEADER
fixed length control field 00512 a2200169 4500
003 - CONTROL NUMBER IDENTIFIER
control field Nust
005 - DATE AND TIME OF LATEST TRANSACTION
control field 20230201135843.0
040 ## - CATALOGING SOURCE
Transcribing agency Nust
082 ## - DEWEY DECIMAL CLASSIFICATION NUMBER
Classification number 930,WOR
100 ## - MAIN ENTRY--PERSONAL NAME
Personal name F. R. Worts. MA
9 (RLIN) 108412
245 ## - TITLE STATEMENT
Title Empires of long ago /
Statement of responsibility, etc. F. R. Worts, MA
260 ## - PUBLICATION, DISTRIBUTION, ETC.
Place of publication, distribution, etc. London
Name of publisher, distributor, etc. Edward Arnold and company
Date of publication, distribution, etc. 1930
300 ## - PHYSICAL DESCRIPTION
Extent 176
505 ## - FORMATTED CONTENTS NOTE
Formatted contents note The Beginnings (Page-9),The Ancient Peoples (Page-22), The Greeks(Page-85), The Romans (Page-140).
650 ## - SUBJECT ADDED ENTRY--TOPICAL TERM
Topical term or geographic name entry element Empires of long ago
9 (RLIN) 108413
942 ## - ADDED ENTRY ELEMENTS (KOHA)
Source of classification or shelving scheme
Koha item type Book
Call number prefix 930,WOR
Holdings
Withdrawn status Lost status Source of classification or shelving scheme Damaged status Not for loan Permanent Location Current Location Shelving location Date acquired Full call number Barcode Date last seen Price effective from Koha item type Public note
          Military College of Signals (MCS) Military College of Signals (MCS) General Stacks 12/12/2016 930,WOR MCS29449 12/08/2016 12/12/2016 Book Almirah No. 59, Shelf No.6
© 2023 Central Library, National University of Sciences and Technology. All Rights Reserved.